Statistics for White Horse lyrics

Click here to take the quiz!

General Stats

  • This quiz has been taken 96 times
  • The average score is 258 of 300

Answer Stats

Lyrics% Correct
a
98%
I
98%
white
98%
horse
96%
an
94%
And
94%
and
94%
for
94%
it
94%
It's
94%
it's
94%
Now
94%
now
94%
the
94%
to
94%
too
94%
you
94%
your
94%
come
92%
late
92%
late,
92%
me
92%
around
90%
be
90%
in
90%
is
90%
my
90%
My
90%
on
90%
on,
90%
one
90%
ain't
88%
I'm
88%
Just
88%
just
88%
not
88%
of
88%
princess,
88%
so
88%
That
88%
that
88%
this
88%
This
88%
was
88%
when
88%
'cause
85%
fairy
85%
her
85%
know
85%
off
85%
small
85%
tale
85%
town
85%
you're
85%
but
83%
'Cause
83%
Hollywood,
83%
like
83%
catch
81%
down
81%
need
81%
out
81%
up
81%
who
81%
you'll
81%
disappearing
79%
face
79%
feet,
79%
had
79%
lead
79%
Say
79%
sorry
79%
sorry,
79%
sweep
79%
wanted,
79%
angel
77%
are
77%
before
77%
love,
77%
mirror
77%
never
77%
well
77%
begging
75%
dreamer
75%
gonna
75%
got
75%
have
75%
knees,
75%
let
75%
stairwell
75%
there
75%
There
75%
view
75%
went
75%
always
73%
back
73%
believed
73%
big
73%
endings,
73%
eyes,
73%
find
73%
forgiveness,
73%
girl,
73%
Happy
73%
honestly
73%
known
73%
known,
73%
many
73%
really
73%
rear
73%
should've
73%
someone
73%
treat
73%
world,
73%
actually
71%
all
71%
As
71%
chance
71%
comes
71%
didn't
71%
dreams
71%
forth
71%
hand
71%
might
71%
paced
71%
someday,
71%
Stupid
71%
upper
71%
about
69%
days
69%
time,
69%
Maybe
67%
mistake,
67%
Try
67%
fight
65%
Holdin'
65%
lost
65%
naive,
65%
drag
54%

Score Distribution

Percentile by Number Answered

Percent of People with Each Score

Your Score History

You have not taken this quiz